| 000 | 00842cam a22001814a 4500 | ||
|---|---|---|---|
| 005 | 20250605164402.0 | ||
| 008 | 250528s ||||||||||||||||||||||||d | ||
| 035 | _a24655 | ||
| 040 |
_aGR-AtMCL _bgre _dGR-AtMCL _eAACR2 |
||
| 245 | 1 | _a'Προσωπική Υπόθεση' η Επικουρική Σύνταξη | |
| 260 |
_bMorax Media S.A, _c2019 |
||
| 300 | _a88 | ||
| 520 | _aΛιγότεροι Μεσίτες με Περισσότερες Υποχρεώσεις, Θετικό Αποτύπωμα το 2019 για την Ασφαλιστική Αγορά, Παραγωγική 'Έκρηξη΄για την Εθνική Ασφαλιστική, Deepfakes: Άνοιξε το Κουτί της Πανδώρας. | ||
| 700 | 1 |
_aΜωράκης Φίλιππος _99500 |
|
| 942 | _cCR | ||
| 999 |
_c9522 _d9522 |
||